| 000 | 00491nam a2200169Ia 4500 | ||
|---|---|---|---|
| 003 | GCL | ||
| 008 | 140319s9999 xx 000 0 aRus d | ||
| 040 |
_aGCL / _cGCL |
||
| 082 | 0 | 4 |
_a320.956 _bT C |
| 100 | 1 | _aTIBI, BASSAM | |
| 245 | 1 | 0 |
_aLA CONSPIRACION, AL - MUAMARAH: ET TRAUMA DE LA POLITICA ARABA / _cTIBI, BASSAM |
| 260 |
_a[S.N] : _bEMPRESA EDITORIAL HERDER ، _c1996 |
||
| 300 | _a374 P | ||
| 650 | 0 | 4 | _aARABIC COUNTRIES - POLITICS |
| 650 | 0 | 4 | _aARABIC COUNTRIES |
| 942 |
_2ddc _cBK |
||
| 999 |
_c15610 _d15610 |
||